000 00925cab a2200241 4500
001 WB2946-05
008 090401t1993 xxu||||| |||| 00| 0 eng d
035 _a(Sirsi) u86130
041 _aeng
245 _aNegligence defence recommended
260 _c1993
350 _a0
490 _aFinancial Times
_v8 December 1993 10
490 _aConstruction News
_v(6344) 9 december 1993, 1(1)
520 _aThe Law Commission`s "Contributory negligence as a defence in contract" recommends that contributory negligence should be allowed as a defence in contractual disputes and companies partly responsible for their own losses from a breach of contract should have damages reduced accordingly.
650 _aBREACH OF CONTRACT
650 _aCONTRACTUAL DISPUTES
650 _aCONTRIBUTORY NEGLIGENCE
650 _aREFORM
690 _aBUILT ENVIRONMENT-BUILDING CONTRACT FORMS
942 _n0
948 _c04/03/1997
999 _c54183
_d54183